Bod skad kyi sgrog dpe gñis pa Yon tan ñer ʼphel źes bya ba bźugs so : (Record no. 89613)

MARC details
000 -LEADER
fixed length control field 00844cam a2200265 a 4500
001 - CONTROL NUMBER
control field sa 68020866
003 - CONTROL NUMBER IDENTIFIER
control field DLC
005 - DATE AND TIME OF LATEST TRANSACTION
control field 20260227112728.0
008 - FIXED-LENGTH DATA ELEMENTS--GENERAL INFORMATION
fixed length control field 970910s1968 ii ac 000 0 tib
010 ## - LIBRARY OF CONGRESS CONTROL NUMBER
LC control number sa 68020866
040 ## - CATALOGING SOURCE
Original cataloging agency DLC
Transcribing agency DLC
043 ## - GEOGRAPHIC AREA CODE
Geographic area code a-cc-ti
050 00 - LIBRARY OF CONGRESS CALL NUMBER
Classification number PL3614
Item number .T5 1968
100 1# - MAIN ENTRY--PERSONAL NAME
Personal name Tharchin, G.,
Dates associated with a name 1890-1976.
245 10 - TITLE STATEMENT
Title Bod skad kyi sgrog dpe gñis pa Yon tan ñer ʼphel źes bya ba bźugs so :
Remainder of title the Tibetan second book /
Statement of responsibility, etc. by G. Tharchin.
246 30 - VARYING FORM OF TITLE
Title proper/short title Tibetan second book
246 30 - VARYING FORM OF TITLE
Title proper/short title Yon tan ñer ʼphel
250 ## - EDITION STATEMENT
Edition statement Rev. 4th ed.
260 ## - PUBLICATION, DISTRIBUTION, ETC.
Place of publication, distribution, etc. Kalimpong :
Name of publisher, distributor, etc. Tharchin,
Date of publication, distribution, etc. 1968.
300 ## - PHYSICAL DESCRIPTION
Extent iv, 98 p. :
Other physical details ill., ports. ;
Dimensions 19 cm.
546 ## - LANGUAGE NOTE
Language note In Tibetan; pref. in English.
500 ## - GENERAL NOTE
General note Cover title.
650 #0 - SUBJECT ADDED ENTRY--TOPICAL TERM
Topical term or geographic name entry element Tibetan language
General subdivision Readers.
650 #0 - SUBJECT ADDED ENTRY--TOPICAL TERM
Topical term or geographic name entry element Tibetan language
General subdivision Orthography and spelling.

No items available.

Powered by Koha